Modelos de tráfico vial

Gardado en:
Detalles Bibliográficos
Autor Principal: Gardeta Oliveros, Juan G (Author)
Formato: Libro
Idioma:Lingua castelá
Publicado: Madrid Centro de Estudios y Experimentación de Obras Públicas, Departamento de Información y Documentación 1984
Series:Monografía M, 7
Subjects:
Tags: Engadir etiqueta
Sen Etiquetas, Sexa o primeiro en etiquetar este rexistro!

MARC

LEADER 00000nam a2200000 a 4500
001 UCV5943
003 CL-VaPUC
008 921015e19840000SP |||||||||||||||||spa|d
082 0 4 |a 388.413  |b GAR  |2 21 
100 |a Gardeta Oliveros, Juan G  |e author  |9 616923 
245 1 0 |a Modelos de tráfico vial 
300 |a 159 p 
942 |c BK 
945 |d 19921015 00:00:00 
260 |a Madrid  |b Centro de Estudios y Experimentación de Obras Públicas, Departamento de Información y Documentación  |c 1984 
650 7 |a INGENIERIA DE TRANSITO MODELOS MATEMATICOS  |2 CL-VaPUC  |9 262821 
650 7 |a TRANSITO URBANO MODELOS MATEMATICOS  |2 CL-VaPUC  |9 262822 
650 7 |a ESTIMACION DE TRAFICO  |2 CL-VaPUC  |9 262823 
583 |a last modification  |c 19921015 00:00:00  |k Rodrigo Vera 
490 0 |a Monografía M, 7 
999 |c 212228  |d 212226 
952 |0 0  |1 0  |4 0  |6 388_413000000000000_GAR_1984  |7 0  |8 A  |9 192841  |a BIBING  |b BIBING  |d 2019-11-14  |i 2604833  |o 388.413 GAR 1984  |p 2604833  |r 2025-01-20  |w 2019-11-14  |y BK  |k CCL